000 00540nam a22001697a 4500
008 150408b xxu||||| |||| 00| 0 eng d
020 _a97730416
050 _aLB1739.U58E96
100 _aUNISA
_916957
245 _aExplorations in reading and meaning
_bonly study guide for Enn102-E
_c/by UNISA
260 _aPretoria
_bUniversity of South Africa
_c2005
300 _a77p. ;
_c30cm, ;
650 _aTeacher training
_xManuals
_916958
650 _aReading
_96733
700 _aRabinowitz, Ivan (ed.)
_916964
942 _2lcc
_cMONOGRAPH
999 _c122586
_d122586